Signals, Systems and Networks /

Guardado en:
Detalles Bibliográficos
Autor principal: Fodor, György (autor)
Formato: Libro
Idioma:Inglés
Publicado: Budapest, Hungría : Akadémiai Kiadó, 2003, c2003
Temas:
Etiquetas: Agrega una etiqueta
Sin etiquetas, Sé el primero en etiquetar este registro!

MARC

LEADER 00000nam^a2200000^a^4500
001 000153216
005 20250521000000.0
009 20260310100312.412
020 |a 963-05-7924-3 
037 |a Acervo ITESO - Biblioteca 
041 |a ING 
082 |a 621. 3822  |b FOD 
100 |a Fodor, György  |e (autor) 
245 1 0 |a Signals, Systems and Networks /  |c G. Fodor. 
264 4 |a Budapest, Hungría :  |b Akadémiai Kiadó,  |c 2003, c2003 
300 |a XXVI, 784 p. 
336 |a texto  |b txt  |2 rdacontenido 
337 |a sin mediación  |b n  |2 rdamedio 
338 |a volumen  |b nc  |2 rdasoporte 
521 |a 2016 BO Licenciatura en Ingeniería Electrónica Acreditación 
649 |a XX 
650 |a Señales y Transmisión de Señales 
650 |a Redes de Comunicación 
650 |a Sistemas de Telecomunicación 
650 |a Modelos (Metodología) 
650 |a Sistemas de Control Digital 
650 |a Sistemas de Control por Retroalimentación 
650 |a Sistemas Lineales 
650 |a Análisis de Sistemas 
650 |a Telecomunicaciones 
650 |a Comunicaciones y Tránsito 
650 |a Ingeniería Electrónica 
910 |a Fondo General 
920 |a Impresos - Libros 
930 |a Colección General 
905 |a 101 
901 |a 0500085605  |b IT1  |c ACC  |u 20250521 
901 |a 0500100350  |b IT1  |c ACC  |u 20250521 
902 |a https://opac.biblio.iteso.mx/vufind/Record/000153216